Peněžní multiplikátor a měnový vývoj v ČR

Základné problémy menovej politiky. Pojem a teoretický popis peňažného multiplikátora. Rezervy bankového sektora (povinné minimálne rezervy, voľné rezervy). Menový vývoj v ČR. Ekonometrická analýza a jej závery.

Salvato in:
Dettagli Bibliografici
Autore principale: Holub, Tomáš
Natura: Capitolo di libro
Lingua:ceco
Soggetti:
Tags: Aggiungi Tag
Nessun Tag, puoi essere il primo ad aggiungerne!!

MARC

LEADER 00000naa a2200000 4500
001 r025993
005 20230922092323.2
041 0 |a cze 
044 |a CZ 
245 1 0 |a Peněžní multiplikátor a měnový vývoj v ČR  |c Tomáš Holub 
520 |a Základné problémy menovej politiky. Pojem a teoretický popis peňažného multiplikátora. Rezervy bankového sektora (povinné minimálne rezervy, voľné rezervy). Menový vývoj v ČR. Ekonometrická analýza a jej závery. 
610 2 0 |a vývoj menový 
610 2 0 |a multiplikátor 
610 2 0 |a pojmy 
610 2 0 |a Česko 
610 2 0 |a politika menová 
610 2 0 |a banky 
610 2 0 |a rezervy 
610 2 0 |a analýza ekonometrická 
610 2 0 |a zásoba peňažná 
100 1 |a Holub, Tomáš